Word Ladder: Three Sugar-Free Cokes Quiz Stats

 Plays Quiz Updated Dec 29, 2015

Challenge
Share
Tweet
Embed
Score 0/18 Timer 02:00
3 Plays Today
Clue 4-Letter Word % Correct
Song performed by twoDUET
99%
Cut down on caloriesDIET
98%
Contest of honorDUEL
95.7%
Lacking excitementDULL
95.3%
Herb in a pickleDILL
95.2%
Aquatic respiratory organGILL
94.8%
Elevator, to a BritLIFT
93.5%
Five minus two minus threeZERO
92.2%
Daily Planet reporter LoisLANE
91.3%
Clue 4-Letter Word % Correct
A special abilityGIFT
89.7%
Clarified pig fatLARD
89.1%
To come ashoreLAND
89%
Coated with gold leafGILT
87.7%
Solid, firm, rigidHARD
87.6%
Relative of a sub or grinderHERO
84.2%
Collies do itHERD
83%
Biographical focusLIFE
82.4%
Bit of scripting; place to waitLINE
80.8%

Today's Daily Dose

You're not logged in!

Compare scores with friends on all Sporcle quizzes.
Join for Free
OR
Log In

You Might Also Like...

Show Comments

Extras

Top Quizzes Today


Score Distribution

Your Account Isn't Verified!

In order to create a playlist on Sporcle, you need to verify the email address you used during registration. Go to your Sporcle Settings to finish the process.

Report this User

Report this user for behavior that violates our Community Guidelines.

Details: